000 00649nam a2200193 a 4500
005 20231114063541.0
008 991125s1985 mx 000 0 spa u
035 _aUPN01000047242
049 _aF
050 4 _aF1203
_bC8 no.52
245 0 0 _aProclamación de la abolición de la esclavitud /
_ccolab. Carmen Llorens Fabregat.
260 _aMéxico :
_bINEHRM,
_c1985.
300 _a29 p. :
_bil.
440 0 _aSerie de cuadernos conmemorativos ;
_v52
650 4 _aESCLAVITUD EN MEXICO -
_xEMANCIPACION
_910263
651 4 _aMéxico
_xHistoria
_yDominación española, 1517-1821
_9227
700 1 _aLlorens Fabregat, Carmen,
_ecolab.
905 _aLibro
999 _c47242
_d47242